• 首页
  • 本馆介绍
  • 公告通知
  • 最新文献
  • 馆藏检索
  • 电子资源
  • 读者导购
  • 参考咨询
  • 我的图书馆
  • 登录
  • 详细信息显示
  • 放入我的书架
  • 预约/预借图书
  • 作者相关作品
  • 分类相关作品
  • 丛书相关作品
  • 出版社相关作品

书目信息

  • 表格格式
  • 工作单格式
  • 卡片格式
题名:
信息文明的伦理基础
    
 
作者: 段伟文 著
分册:  
出版信息: 上海   上海人民出版社  2020.9
页数: 263页
开本: 24cm
丛书名: 信息文明的哲学研究丛书
单 册:
中图分类: G201
科图分类:
主题词: 信息化社会--研究
电子资源:
ISBN: 978-7-208-16301-0
000 00984nam0 2200265 45
001 012001004127
005 20140926141357.0
010    @a978-7-208-16301-0@b精装@dCNY78.00
100    @a20200914d2020 em y0chiy0110 ea
101 0  @achi
102    @aCN@b310000
105    @ay z 000yy
106    @ar
200 1  @a信息文明的伦理基础@Axin xi wen ming de lun li ji chu@f段伟文著
210    @a上海@c上海人民出版社@d2020.9
215    @a263页@d24cm
225 2  @a信息文明的哲学研究丛书@f王战,成素梅主编
330    @a本书分为7章,主要内容包括:信息网络空间的缘起及其向度;超越现代性知识权力结构的信息伦理建构;超越信息网络空间异化的伦理调适;虚拟现实技术及其社会伦理向度;基于大数据的认知与社会历史构建等。
410  0 @12001 @a信息文明的哲学研究丛书
461  0 @12001 @a信息文明的哲学研究丛书@1701 0@a王战,成素梅主编
606 0  @a信息化社会@x研究
690    @aG201@v5
701  0 @a段伟文@Aduan wei wen@4著
801    @aCN@bAHXH@c20210922
905    @b1329531-5@dG201@e1020@f5
    
    信息文明的伦理基础/段伟文著.-上海:上海人民出版社,2020.9
    263页;24cm.-(信息文明的哲学研究丛书/王战,成素梅主编)
    
    
    ISBN 978-7-208-16301-0(精装):CNY78.00
    本书分为7章,主要内容包括:信息网络空间的缘起及其向度;超越现代性知识权力结构的信息伦理建构;超越信息网络空间异化的伦理调适;虚拟现实技术及其社会伦理向度;基于大数据的认知与社会历史构建等。
●
相关链接 在E读中查询图书 在五车中查询图书 在当当中查询图书 在豆瓣中查询图书


正题名:信息文明的伦理基础     索取号:G201/1020         预约/预借

序号 登录号 条形码 馆藏地/架位号 状态 备注
1 1329531   213295316   第一样本阅览室/ [索取号:G201/1020] 在馆    
2 1329532   213295325   教育系资料室/ [索取号:G201/1020] 在馆    
3 1329533   213295334   教育系资料室/ [索取号:G201/1020] 在馆    
4 1329534   213295343   第四借阅区/ [索取号:G201/1020] 在馆    
5 1329535   213295352   第四借阅区/ [索取号:G201/1020] 在馆    
唐山师范学院图书馆 欢迎您!
大连网信软件有限公司© 版权所有